Statistiques concernant Les personnages de Donkey Kong par images

Cliquez ici pour prendre le quiz!

Statistiques générales

  • Ce quiz a été pris 22 fois
  • Le résultat moyen est 8 sur 17

Statistiques - réponses

Réponse% Correct
Diddy Kong
95%
Donkey Kong
95%
Funky Kong
95%
Cranky Kong
90%
Dixie Kong
86%
Donkey Kong Junior
76%
Candy Kong
67%
Tiny Kong
48%
Chunky Kong
43%
Lanky Kong
43%
Kiddy Kong
38%
Wrinkly Kong
29%
Super Diddy Kong
14%
Super Donkey Kong
14%
Swanky Kong
10%
Bluster Kong
5%
Uncle Kong
0%

Distribution des résultats

Percentile par nombre de réponses

% des personnes avec chaque résultat

Votre développement - résultats

Vous n’avez pas pris ce quiz